The master plan to success

Bibliographic Details
Main Author: Hill, Napoleon
Format: Book
Published: KL : Napoleon Hill Associates Creative Vision Sdn. Bhd , 2004
Subjects:

MARC

LEADER 00000cam a2200000 7i4500
001 0000036323
005 20150201.0
008 130614
020 |a 9834138326 
090 0 0 |a 158.1   |b HIL 
100 1 |a Hill, Napoleon 
245 1 4 |a The master plan to success   |c Napoleon Hill 
260 |a KL :   |b Napoleon Hill Associates Creative Vision Sdn. Bhd ,   |c 2004 
600 0 |a Success 
999 |a 0001026115   |b Book   |c Adult Collection   |e Perbadanan Perpustakaan Awam Johor 
999 |a 0001026116   |b Book   |c Adult Collection   |e Cawangan Tmn. Ungku Tun Aminah 
999 |a 0001026117   |b Book   |c Adult Collection   |e Cawangan Kota Tinggi